| 000 | 00501nam a22001817a 4500 | ||
|---|---|---|---|
| 005 | 20130830122254.0 | ||
| 010 | _aENG-108359 | ||
| 020 | _c200.00 | ||
| 035 | _aEN-91892 | ||
| 037 | _bDBAD/PUB | ||
| 082 | _a530.03 | ||
| 100 | _aHarsh | ||
| 245 |
_aSupreme dictionary of physics / _cby Harsh |
||
| 260 |
_aDelhi _bKalra Publications _c2010-11 |
||
| 270 |
_a2619-20/3, New Market, Nai Sarak, _bDelhi _e110006 |
||
| 300 |
_a288p. : _c22cm(Hb) _bill. |
||
| 942 |
_2ddc _cEN _mHAR _h530.03 |
||
| 999 |
_c78778 _d78778 |
||